000 00908cam a22002533a 4500
001 29273
003 PGUSA
005 20140828083631.0
008 090630s2009||||xxu|||||s|||||000 p eng d
040 _aPGUSA
_beng
042 _adc
050 4 _aPS
100 1 _aLuce, Nancy,
_d1814-1890
245 1 2 _aA Complete Edition of the Works of Nancy Luce
_h[electronic resource] /
_cNancy Luce
260 _bProject Gutenberg,
_c2009
505 0 _aGod's words -- Prayer -- Sickness -- Poor little hearts -- Milk -- No comfort -- Prayers -- Poor little heart -- Our Saviour's golden rule -- Hen's names -- Hens : their diseases and cure -- Prayers.
506 _aPublic domain in the USA.
516 _aElectronic text
653 _aPoultry -- Diseases
653 _aAmerican poetry -- 19th century
830 0 _aProject Gutenberg
_v29273
856 4 0 _uhttp://www.gutenberg.org/ebooks/29273
942 _cEB
999 _c258528
_d258528